000 00945nam a2200325Ia 4500
003 OSt
005 20220912144619.0
006 a|||||r|||| 00| 0
007 ta
008 220909b |||||||| |||| 00| 0 eng d
020 _a9780486653907 (pbk)
020 _aSL0169150
024 _a179237
037 _b751, 30/03/2012, Dhanraj Book House
037 _cTextual
040 _aCSL
_beng
_cCSL
041 _aeng
082 _aCN2, J6-;4
100 _aHill Terrell L
245 0 _aStatistical mechanics : Principles & selected applications
260 _aNew Year
_b Dover
_c1956
300 _axii; 432p.
500 _aIncleude bibliographical references; Index 427-432p.
650 _a Physics
650 _a Statistical mechanics
650 _aGeneral Science
700 _aHill Terrell L
942 _hCN2, J6-;4
_cTEXL
_2CC
999 _c13615
_d13615